000 00842nam a2200277Ia 4500
005 20220316235323.0
008 121119s2002 ck a gr 000 p spa
020 _a9583005223
041 0 _aspa
100 1 _aVasco, Irene,
_d1952
245 1 0 _aConjuros y sortilegios
_cIrene Vasco ; ilustraciones de Juanita Isaza
250 _aSegunda reimpresión
264 1 _aBogotá
_bPanamericana
_c2002
300 _a32 páginas
_bilustraciones
336 _atexto
_btxt
_2rdacontent
337 _asin mediación
_bn
_2rdamedia
338 _avolumen
_bnc
_2rdacarrier
650 1 4 _2LEMB
_aPoesía colombiana
650 1 4 _2LEMB
_aLiteratura infantiil
650 1 4 _2LEMB
_aMagia
650 1 4 _2LEMB
_aEncantamientos
700 1 _aIsaza, Juanita
_eilustrador
_911257
942 _2loc
_cBKLIT
040 _aCO-BoRNBP
_bspa
_erda
_cCO-BoRNBP
084 _aP VAS1
999 _c595
_d595